| 000 | 00625nam a2200193 a 4500 | ||
|---|---|---|---|
| 005 | 20140310183513.0 | ||
| 008 | 101106s19uu xx 00 eng d | ||
| 020 | _a9780470417973 | ||
| 050 |
_aQA 76.3 _b.R357 2009 |
||
| 100 | _aRaposa, Richard F. | ||
| 245 |
_aSCJP :Sun Certified Programmer for Java Platform, SE6: _bstudy guide. |
||
| 260 |
_aCanada : _bWiley Pub., Inc, _c2009. |
||
| 300 |
_a531 p. : _bill. ; _c24 cm. |
||
| 521 | _aIT | ||
| 650 | _aElectronic data processing personnel-certification. | ||
| 650 | _aOperating systems (computer) Examinations-study guide. | ||
| 942 |
_cBK _2lcc _kFOR |
||
| 999 |
_c24229 _d24229 |
||